LDR 00576naa#a2200181#i#450# 001 EN\\bibl\120258 005 20260417162338.5 011 ## _a1819-4036 100 ## _a20210331b2021####ek#y0engy0150####ca 102 ## _aRU 200 1# _aNEW COMPETITIVE, PLASTIC VARIETY OF SOFT WINTER WHEAT STAVROPOLSKAYA 7 _eJournal article 210 1# _aKrasnoyarsk _cKrasnoyarsk State Agrarian University _d2021 215 ## _a6 с. 608 ## _aJournal article _2local 675 ## _aПолеводство. 633 _z 700 #1 _aKovtun _gViktor Ivanovich 700 #1 _aKovtun _gLyudmila Nikolaevna 856 4# _asej.kgau.ru _u